Diseño estructural de un domo tipo icosaedro truncado como plataforma para celdas fotovoltaicas

সংরক্ষণ করুন:
গ্রন্থ-পঞ্জীর বিবরন
প্রধান লেখক: León Chacón, Roy Alexander, 1989-
অন্যান্য লেখক: Retana Obando, Rubén Alonso, 1990-, Monge Gapper, Juan Gabriel, 1977- Director del TFG
বিন্যাস: গ্রন্থ
ভাষা:Spanish
প্রকাশিত: [San José], Costa Rica 2016
বিষয়গুলি:
ট্যাগগুলো: ট্যাগ যুক্ত করুন
কোনো ট্যাগ নেই, প্রথমজন হিসাবে ট্যাগ করুন!

MARC

LEADER 00000nam a22000007a 4500
003 012373
005 20230919085532.0
008 160622b2016 cr |||| |||| 00| ||spa d
040 |c cru CEDI  
090 |a TFG 7531 
100 |9 1520  |a León Chacón, Roy Alexander, 1989- 
245 |a Diseño estructural de un domo tipo icosaedro truncado como plataforma para celdas fotovoltaicas  
260 |a  [San José], Costa Rica  |c 2016 
300 |a xi,76, [21]hojas; ilustraciones a color  
500 |a Trabajo de graduación (licenciatura en ingeniería mecánica)--Universidad de Costa Rica. Facultad de Ingeniería. Escuela de Ingeniería Mecánica 
501 |a Director de Trabajo de Graduación: Mag. Gabriel Monge Gapper 
650 |x MAQUINAS SOLARES - DISEÑO Y CONSTRUCCION  |x CUPULAS - DISEÑO Y CONSTRUCCION  |x DISEÑO DE MAQUINAS   |9 5095 
700 |9 1521  |a Retana Obando, Rubén Alonso, 1990- 
700 |9 1522  |a Retana Obando, Rubén Alonso, 1990- 
700 |9 204  |a Monge Gapper, Juan Gabriel, 1977-  |d  Director del TFG 
942 |c CEDI 
999 |c 16933  |d 16933